000 00615nas a2200229Ia 4500
001 A09/R114-47877
003 IT-MiCISF
005 20250618110536.0
008 161014c99999999xx |||||||||||| ||und||
040 _aIT-MiCISF
_cIT-MiCISF
041 _ait
100 _aRecalcati Massimo
_956330
245 0 _aEvaporazione ipermoderna del padre e testimonianza del desiderio
250 _a"Pedagogika.it", n. 4, ottobre-dicembre
260 _c2009
300 _app. 32-39
500 _a uomo, paternità, psicoanalisi
650 _auomo
_956127
654 _aarticolo
942 _cCR
_2ddc
999 _c242003
_d242003
999 _bSi